[Event "Championnat de France des Jeunes - Pupil"]
[Site "LA ROCHE SUR YON"]
[Date "2008.04.21"]
[Round "2.4"]
[White "Karcenty, Louis"]
[Black "Purenne, Benoit"]
[Result "0-1"]
[WhiteElo "1650"]
[BlackElo "1877"]
[PlyCount "24"]

1. Nf3 Nf6 2. c4 c5 3. g3 Nc6 4. Bg2 g6 5. O-O Bg7 6. d3 d5 7. cxd5 Nxd5 8. e4
Ndb4 9. Na3 Nxd3 10. Qb3 b6 11. Rd1 Ba6 12. Ne1 Nd4 0-1

[Event "Championnat de France des Jeunes - Pupil"]
[Site "LA ROCHE SUR YON"]
[Date "2008.04.22"]
[Round "2.5"]
[White "Mirimanian, Haik"]
[Black "Beau, Pierre"]
[Result "1-0"]
[WhiteElo "1832"]
[BlackElo "1640"]
[PlyCount "120"]

1. d4 d5 2. Nf3 Nc6 3. b3 Bf5 4. a3 Nf6 5. Nbd2 e6 6. Bb2 Be7 7. e3 O-O 8. Be2
Nb8 9. O-O c5 10. c4 Nc6 11. Rc1 cxd4 12. exd4 Qb6 13. b4 a6 14. Re1 Rfd8 15.
cxd5 exd5 16. Nb3 Ne4 17. Bd3 Bf6 18. Bb1 Re8 19. Nc5 Rad8 20. h3 a5 21. Na4
Qa7 22. b5 Ne7 23. Bd3 b6 24. Nc3 Nxc3 25. Bxc3 Bxd3 26. Qxd3 Ng6 27. Qd2 Rxe1+
28. Rxe1 Qd7 29. a4 Re8 30. Re3 Rxe3 31. Qxe3 Qe7 32. Qxe7 Bxe7 33. g3 Bd6 34.
Kf1 Kf8 35. Ke2 Ke7 36. Ke3 h6 37. Nh2 Nf8 38. f4 Nd7 39. Nf3 f6 40. Nh4 Ba3
41. Ng6+ Kf7 42. f5 Bd6 43. Kf3 Nf8 44. Nxf8 Kxf8 45. Bd2 Kf7 46. Bf4 Bxf4 47.
Kxf4 g6 48. fxg6+ Kxg6 49. g4 Kf7 50. Kf5 Ke7 51. h4 Kf7 52. h5 Ke7 53. Kg6 Ke6
54. Kxh6 f5 55. gxf5+ Kxf5 56. Kg7 Ke4 57. h6 Kxd4 58. h7 Kc4 59. h8=Q d4 60.
Qh1 d3 1-0

[Event "Championnat de France des Jeunes - Pupil"]
[Site "LA ROCHE SUR YON"]
[Date "2008.04.21"]
[Round "2.1"]
[White "Navrotescu, Andreea-Cristiana"]
[Black "Gaguech, Elisa"]
[Result "1/2-1/2"]
[WhiteElo "1723"]
[BlackElo "1490"]
[PlyCount "113"]

1. d4 d5 2. c4 e6 3. Nc3 Nf6 4. Bg5 Be7 5. cxd5 exd5 6. e3 c6 7. Bd3 Nbd7 8.
Qc2 O-O 9. Nf3 Re8 10. O-O Nf8 11. h3 Ng6 12. Rab1 Bd6 13. b4 a6 14. a4 h6 15.
Bxg6 fxg6 16. Bxh6 Bf5 17. e4 Nxe4 18. Nxe4 Bxe4 19. Qd2 Rf8 20. Bg5 Qd7 21.
Rb3 Bxf3 22. Rxf3 Rxf3 23. gxf3 Qxh3 24. f4 Rf8 25. Qe3 Qg4+ 26. Qg3 Qxg3+ 27.
fxg3 Bxb4 28. Rb1 a5 29. Kf2 Re8 30. Kf3 Re4 31. Rd1 b5 32. axb5 cxb5 33. Bd8
Kf7 34. Bb6 Re6 35. Bc5 Bc3 36. Kf2 Re4 37. Bb6 Ke6 38. Rb1 Bxd4+ 39. Bxd4 Rxd4
40. Rxb5 Rd2+ 41. Ke3 Ra2 42. Kd4 Ra4+ 43. Ke3 Re4+ 44. Kf3 a4 45. Rb6+ Kf7 46.
Ra6 Rb4 47. Ra7+ Kg8 48. Ra8+ Kh7 49. Ra5 Rb3+ 50. Kg4 a3 51. Rxd5 Rb1 52. Ra5
Ra1 53. Ra8 a2 54. Kg5 Rg1 55. Rxa2 Rxg3+ 56. Kh4 Rg1 57. Ra8 1/2-1/2

[Event "Championnat de France des Jeunes - Pupil"]
[Site "LA ROCHE SUR YON"]
[Date "2008.04.22"]
[Round "2.2"]
[White "Langlais, Victoire"]
[Black "Rigolot, Lucie"]
[Result "0-1"]
[WhiteElo "1450"]
[BlackElo "1723"]
[PlyCount "52"]

1. e4 c5 2. Nf3 d6 3. d4 cxd4 4. Nxd4 Nf6 5. Nc3 a6 6. Be3 e6 7. Qd2 b5 8. Bd3
Bb7 9. f3 Nbd7 10. Rg1 Qc7 11. g4 Nb6 12. g5 Nfd7 13. f4 Nc5 14. f5 e5 15. Nf3
b4 16. Ne2 d5 17. Bxc5 Bxc5 18. Rg4 O-O-O 19. c3 dxe4 20. cxb4 Rxd3 21. Qxd3
exd3 22. Rc1 Bxf3 23. Rxc5 Bxg4 24. Rxc7+ Kxc7 25. Nc3 Rd8 26. Ne4 Nc4 0-1

[Event "Championnat de France des Jeunes - Pupil"]
[Site "LA ROCHE SUR YON"]
[Date "2008.04.22"]
[Round "2.3"]
[White "Bellaiche, Elise"]
[Black "Houzelot, Alice"]
[Result "1-0"]
[WhiteElo "1714"]
[BlackElo "1480"]
[PlyCount "65"]

1. e4 e5 2. Nf3 d6 3. d4 exd4 4. Nxd4 g6 5. Nc3 Bg7 6. Bc4 Nf6 7. O-O O-O 8.
Bg5 Re8 9. Qd2 Nc6 10. Nxc6 bxc6 11. Rae1 Qd7 12. Bh6 Bh8 13. f4 Bb7 14. Bg5
Rab8 15. f5 c5 16. fxg6 hxg6 17. Bxf6 Bxf6 18. Rxf6 Qg4 19. Rxf7 d5 20. Bxd5
Bxd5 21. Qxd5 Qe6 22. Ref1 Qxd5 23. Nxd5 Rxb2 24. Rxc7 Rf8 25. Nf6+ Rxf6 26.
Rxf6 Rxc2 27. Rxg6+ Kf8 28. Rd6 Ke8 29. Rh6 Kd8 30. Rxa7 Rc1+ 31. Kf2 Rc2+ 32.
Kg3 Rc3+ 33. Kf4 1-0

[Event "Championnat de France des Jeunes - Pupil"]
[Site "LA ROCHE SUR YON"]
[Date "2008.04.22"]
[Round "2.4"]
[White "Fischer, Julie"]
[Black "Reau, Florine"]
[Result "1-0"]
[WhiteElo "1671"]
[BlackElo "1450"]
[PlyCount "21"]

1. e4 e5 2. Nf3 Nc6 3. d4 exd4 4. Bc4 Bc5 5. c3 Qe7 6. O-O Qxe4 7. Re1 Nf6 8.
Rxe4+ Nxe4 9. cxd4 Nxd4 10. Nxd4 O-O 11. Be3 1-0

[Event "Championnat de France des Jeunes - Pupil"]
[Site "LA ROCHE SUR YON"]
[Date "2008.04.22"]
[Round "2.5"]
[White "Saucey, Milena"]
[Black "Pouillart, Cecile"]
[Result "0-1"]
[WhiteElo "1440"]
[BlackElo "1640"]
[PlyCount "132"]

1. e4 e5 2. Nf3 Nc6 3. Bc4 Bc5 4. d4 d5 5. exd5 Nxd4 6. Nxd4 Bxd4 7. O-O Nf6 8.
Nc3 Bxc3 9. bxc3 O-O 10. Bb5 Qxd5 11. Qxd5 Nxd5 12. Ba3 Rd8 13. Rfd1 c6 14. c4
Bf5 15. cxd5 cxb5 16. c3 Be4 17. d6 Bc6 18. Rd2 {(=)} Rd7 19. f3 h5 20. Re1 Re8
21. Rde2 {(=)} f6 22. h3 Kf7 23. Kh2 Rc8 24. Rd1 Ke6 25. g4 hxg4 26. hxg4 Rh8+
27. Kg3 g6 28. Rd3 b4 29. Bxb4 Bb5 30. Rdd2 Bxe2 31. Rxe2 Rdh7 32. c4 Rh3+ 33.
Kf2 Rh2+ 34. Ke3 Rxe2+ 35. Kxe2 Rh2+ 36. Kd3 Rxa2 37. c5 a5 38. Bc3 f5 39. Bxe5
fxg4 40. fxg4 Ra4 41. Bd4 Ra2 42. Kc4 Rg2 43. Kb5 Rxg4 44. Be3 a4 45. Bd2 Kd7
46. Kb6 Rg1 47. Kxb7 Rb1+ 48. Ka6 Kc6 49. Ka5 a3 50. Bc3 Rb5+ 51. Ka4 Rxc5 52.
Bb4 Rc4 53. Kxa3 g5 54. Bd2 g4 55. Be1 Kxd6 56. Bg3+ Kd5 57. Kb3 Re4 58. Kc2
Re3 59. Bf4 Rf3 60. Bb8 g3 61. Kd2 g2 62. Bh2 Rf1 63. Ke2 g1=Q 64. Bxg1 Rxg1
65. Kf2 Rg8 66. Ke3 Rg4 0-1

[Event "Championnat de France des Jeunes - Juniors"]
[Site "LA ROCHE SUR YON"]
[Date ""]
[Round "3.1"]
[White "Vernay, Clovis"]
[Black "Brethes, Francois"]
[Result "1-0"]
[WhiteElo "2348"]
[BlackElo "2198"]
[Annotator ""]

1. d4 d5 2. c4 dxc4 3. e4 Nc6 4. d5 Ne5 5. Bf4 Ng6 6. Bg3 e5 7. Bxc4
Nf6 8. Nc3 a6 9. h4 h5 10. Nf3 Bd6 11. Ng5 b5 12. Be2 Nf4 13. Bf3 Bg4
14. O-O O-O 15. Re1 Re8 16. a3 Rc8 17. Na2 Ng6 18. Nb4 Bxb4 19. axb4
Qd6 20. Qd2 c5 21. bxc5 Rxc5 22. Qb4 Rec8 23. Qa3 Ra8 24. Bxg4 hxg4
25. f3 Qc7 26. fxg4 Nxg4 27. Qf3 Nh6 28. h5 Nf8 29. Bf2 Rc4 30. Be3
Qd6 31. Nh3 Nh7 32. Rf1 Rc7 33. Nf2 Rc4 34. Nd3 f5 35. Bxh6 Qxh6 36.
Rae1 Rf8 37. Nxe5 fxe4 38. Qb3 Rxf1+ 39. Rxf1 Nf6 40. d6 Qg5 41. Nxc4
Qc5+ 42. Ne3+ Kh7 43. Rf5 Ng8 44. Qd1 1-0

[Event "Championnat de France des Jeunes - Junio"]
[Site "LA ROCHE SUR YON"]
[Date "2008.04.21"]
[Round "3.2"]
[White "Bailet, Pierre"]
[Black "Congiu, Mathilde"]
[Result "1/2-1/2"]
[WhiteElo "2250"]
[BlackElo "2190"]
[PlyCount "45"]
[EventDate "2008.??.??"]

1. d4 d5 2. Nf3 Nf6 3. c4 e6 4. Nc3 Bb4 5. Bg5 h6 6. Bxf6 Qxf6 7. e3 O-O 8. Bd3
dxc4 9. Bxc4 c5 10. O-O cxd4 11. exd4 Nc6 12. a3 Ba5 13. Rc1 Bb6 14. d5 Ne5 15.
Nxe5 Qxe5 16. Qe1 Qf4 17. Ba2 e5 18. d6 Qg5 19. Ne4 Qg6 20. Kh1 Bf5 21. Bd5
Bxe4 22. Qxe4 Qxe4 23. Bxe4 1/2-1/2

[Event "Championnat de France des Jeunes - Junio"]
[Site "LA ROCHE SUR YON"]
[Date "2008.04.21"]
[Round "3.3"]
[White "Forgues, Fabien"]
[Black "Soyez, Cyril"]
[Result "1/2-1/2"]
[WhiteElo "2162"]
[BlackElo "2244"]
[PlyCount "51"]
[EventDate "2008.??.??"]

1. e4 c5 2. Nf3 Nc6 3. d4 cxd4 4. Nxd4 g6 5. Nc3 Bg7 6. Be3 d6 7. Qd2 Nf6 8. f3
O-O 9. Bc4 Bd7 10. O-O-O Qa5 11. Bb3 Rfc8 12. Kb1 Ne5 13. h4 Nc4 14. Bxc4 Rxc4
15. Nb3 Qc7 16. Bd4 Be6 17. g4 a5 18. Nb5 Qd7 19. Na3 Rcc8 20. h5 a4 21. Nc1 b5
22. c3 Bc4 23. hxg6 fxg6 24. Qh2 Qe6 25. Ne2 Qf7 26. Rd2 1/2-1/2

[Event "Championnat de France des Jeunes - Junio"]
[Site "LA ROCHE SUR YON"]
[Date "2008.04.21"]
[Round "3.4"]
[White "Carre, Sylvain"]
[Black "Genzling, Alain"]
[Result "0-1"]
[WhiteElo "2073"]
[BlackElo "2281"]
[PlyCount "88"]
[EventDate "2008.??.??"]

1. c4 c5 2. Nc3 Nf6 3. e4 Nc6 4. d3 g6 5. g3 Bg7 6. Bg2 d6 7. Nge2 Bd7 8. Rb1
O-O 9. O-O Qc8 10. Bd2 Bh3 11. Bxh3 Qxh3 12. Nf4 Qd7 13. f3 e6 14. Be3 b6 15.
Qd2 Rad8 16. Rbd1 Qb7 17. Qc1 Ne7 18. Ng2 d5 19. Bh6 Nc6 20. Bxg7 Kxg7 21. Ne2
Qa6 22. Qc3 dxc4 23. dxc4 e5 24. a3 Qa4 25. Ne3 Nd4 26. Nxd4 cxd4 27. Qc2 Qxc2
28. Nxc2 Rc8 29. b3 b5 30. f4 bxc4 31. fxe5 Ng4 32. bxc4 Rxc4 33. h3 Nxe5 34.
Nxd4 Rc3 35. Nb5 Rxg3+ 36. Kh2 Re3 37. Nxa7 Rxa3 38. Ra1 Rxa1 39. Rxa1 Ra8 40.
Ra5 Nc4 41. Rc5 Nd6 42. e5 Rxa7 43. exd6 Rd7 44. Rc6 Kf6 0-1

[Event "Championnat de France des Jeunes - Junio"]
[Site "LA ROCHE SUR YON"]
[Date "2008.04.21"]
[Round "3.5"]
[White "Steil-Antoni, Fiona"]
[Black "Tarchichi, Paul"]
[Result "0-1"]
[WhiteElo "2125"]
[BlackElo "2131"]
[PlyCount "82"]
[EventDate "2008.??.??"]

1. e4 c5 2. Nc3 Nc6 3. g3 e6 4. Bg2 Nge7 5. d3 d5 6. f4 g6 7. Nf3 b5 8. O-O b4
9. Ne2 Bg7 10. Kh1 a5 11. e5 Nf5 12. g4 Nfd4 13. Nexd4 Nxd4 14. Nxd4 cxd4 15.
Qe1 h5 16. g5 Ba6 17. Qf2 Qb6 18. Rd1 Rc8 19. c3 bxc3 20. bxc3 Rxc3 21. Bf1 Kd7
22. Bb2 Rc6 23. Rac1 Rhc8 24. Bxd4 Qb4 25. Rb1 Qa4 26. Rd2 Rc2 27. Rb2 Rxd2 28.
Rxd2 Rc1 29. Bc5 Qc6 30. Bd6 d4+ 31. Kg1 Bb7 32. Qg2 Qxg2+ 33. Rxg2 Bxg2 34.
Kxg2 Rc2+ 35. Kf3 Rxa2 36. Be2 Ke8 37. Bc5 Bf8 38. Bxd4 a4 39. Be3 a3 40. h3
Bb4 41. Bd1 Rh2 0-1

[Event "Championnat de France des Jeunes - Junio"]
[Site "LA ROCHE SUR YON"]
[Date "2008.04.21"]
[Round "3.1"]
[White "Magnin, Segolene"]
[Black "Dolz, Elisabeth"]
[Result "1-0"]
[WhiteElo "1799"]
[BlackElo "1710"]
[PlyCount "61"]
[EventDate "2008.??.??"]

1. e4 e5 2. Nc3 Nf6 3. f4 Bc5 4. fxe5 Ng8 5. d4 Bb6 6. Qg4 Kf8 7. Bg5 Qe8 8.
Qd1 Nc6 9. Nf3 Nge7 10. a3 Ng6 11. Bc4 h6 12. Bc1 Nd8 13. Qe2 Ne6 14. Be3 Nef4
15. Qd2 Ne6 16. b4 a5 17. O-O d6 18. exd6 cxd6 19. Nd5 Bd8 20. Qf2 b5 21. Bd3
axb4 22. axb4 Rxa1 23. Rxa1 Bb7 24. Nc3 Nc7 25. Qe2 d5 26. Bxb5 Nxb5 27. Qxb5
Bc6 28. Qb8 dxe4 29. Nd2 Ke7 30. d5 Bd7 31. Bc5+ 1-0

[Event "Championnat de France des Jeunes - Junio"]
[Site "LA ROCHE SUR YON"]
[Date "2008.04.21"]
[Round "3.2"]
[White "Huisman, Camille"]
[Black "Belloc, Sidonie"]
[Result "0-1"]
[WhiteElo "1613"]
[BlackElo "1789"]
[PlyCount "64"]
[EventDate "2008.??.??"]

1. e4 e6 2. d4 d5 3. exd5 exd5 4. Nc3 Nf6 5. Bf4 Bf5 6. Nb5 Na6 7. Qe2+ Be7 8.
c4 O-O 9. Qe5 Bb4+ 10. Kd1 Qd7 11. Nxc7 Rfe8 12. Nxe8 Rxe8 13. Nf3 Rxe5 14.
Nxe5 Qd8 15. Rc1 Ng4 16. Nxg4 Bxg4+ 17. f3 dxc4 18. Be3 Be6 19. Bxc4 Bxc4 20.
Rxc4 g6 21. Ke2 Bd6 22. Rhc1 Kg7 23. g3 Nc7 24. h4 Bxg3 25. f4 Nd5 26. h5 Qe7
27. R4c3 Nxc3+ 28. Rxc3 Bxf4 29. d5 gxh5 30. Kf3 Bxe3 31. Rxe3 Qf6+ 32. Ke4
Qxb2 0-1

[Event "Championnat de France des Jeunes - Junio"]
[Site "LA ROCHE SUR YON"]
[Date "2008.04.21"]
[Round "3.3"]
[White "Swiercz, Sarah"]
[Black "Bismuth, Lea"]
[Result "0-1"]
[WhiteElo "1420"]
[BlackElo "1930"]
[PlyCount "64"]
[EventDate "2008.??.??"]

1. e4 c5 2. Nf3 Nc6 3. d4 cxd4 4. Nxd4 Qb6 5. Nb3 Nf6 6. Nc3 e6 7. Bd3 a6 8.
Be3 Qc7 9. Qe2 Bb4 10. Bd2 O-O 11. O-O-O b5 12. a3 Be7 13. f4 b4 14. axb4 Nxb4
15. e5 Nxd3+ 16. Qxd3 Ne8 17. Qg3 d6 18. f5 dxe5 19. fxe6 Bxe6 20. h4 Rc8 21.
h5 a5 22. h6 g6 23. Bg5 f6 24. Be3 a4 25. Na1 a3 26. Nb5 axb2+ 27. Kxb2 Qc4 28.
Na7 Ba3+ 29. Kxa3 Qa2+ 30. Kb4 Rc4+ 31. Kb5 Nc7+ 32. Kb6 Qa6# 0-1

[Event "Championnat de France des Jeunes - Junio"]
[Site "LA ROCHE SUR YON"]
[Date "2008.04.21"]
[Round "3.4"]
[White "Vidal, Marguerite"]
[Black "Mehiaoui, Dounia"]
[Result "0-1"]
[WhiteElo "1380"]
[BlackElo "1855"]
[PlyCount "68"]
[EventDate "2008.??.??"]

1. e4 e5 2. Nf3 Nc6 3. d4 exd4 4. Nxd4 Qh4 5. Nc3 Bb4 6. Ndb5 Qxe4+ 7. Qe2
Qxe2+ 8. Bxe2 Ba5 9. a3 a6 10. b4 Bb6 11. Nd5 axb5 12. Nxb6 cxb6 13. Bxb5 Nge7
14. Bb2 O-O 15. O-O d5 16. f4 Bf5 17. Rf2 Rac8 18. h3 h5 19. Be2 h4 20. Kh2
Bxc2 21. Bg4 Bf5 22. Rg1 Rfd8 23. g3 Bxg4 24. hxg4 hxg3+ 25. Rxg3 b5 26. f5 d4
27. Rh3 f6 28. Rh5 Ne5 29. Rf1 Nxg4+ 30. Kg3 Ne3 31. Rf4 Nc6 32. Bc1 Kf7 33.
Re4 Nc4 34. Rh7 Rh8 0-1

[Event "Championnat de France des Jeunes - Juniors Filles"]
[Site "LA ROCHE SUR YON"]
[Date ""]
[Round "3.5"]
[White "Cwiek, Perrine"]
[Black "Choisy, Mathilde"]
[Result "0-1"]
[WhiteElo "1730"]
[BlackElo "2094"]
[Annotator ""]

1. e4 c5 2. Nf3 a6 3. d4 cxd4 4. Nxd4 Nf6 5. Nc3 d6 6. Be2 e6 7. O-O
Be7 8. Be3 O-O 9. f4 Nc6 10. Bf3 Qc7 11. Qe1 Nxd4 12. Bxd4 e5 13. Be3
b5 14. a3 Bb7 15. Qg3 Kh8 16. Rad1 Bc6 17. Rd3 a5 18. Rfd1 b4 19. Nd5
Bxd5 20. exd5 e4 21. R3d2 exf3 22. Qxf3 bxa3 23. bxa3 Nd7 24. Bf2 Bf6
25. Qd3 Rac8 26. Rb1 Rb8 27. Rdd1 Rxb1 28. Rxb1 Rb8 29. Qd1 Rxb1 30.
Qxb1 h6 31. g3 Nc5 32. Be1 Bd4+ 33. Bf2 Bxf2+ 34. Kxf2 Qb7 35. Qxb7
Nxb7 36. Ke3 Kg8 37. Kd4 Kf8 38. Kc4 Nc5 39. Kd4 Ke7 40. c3 Kf6 41. g4
h5 42. h3 h4 0-1

[Event "Championnat de France des Jeunes - Cadets"]
[Site "LA ROCHE SUR YON"]
[Date ""]
[Round "3.1"]
[White "Guilleux, Fabien"]
[Black "Jouneau, Quentin"]
[Result "1-0"]
[WhiteElo "2391"]
[BlackElo "1977"]
[Annotator ""]

1. Nf3 Nf6 2. c4 c6 3. d4 d5 4. e3 a6 5. Bd3 b5 6. cxd5 cxd5 7. O-O e6
8. Nbd2 Bb7 9. Nb3 Nbd7 10. Bd2 Bd6 11. Na5 Qb6 12. Qb3 O-O 13. Bb4
Bxb4 14. Qxb4 Rfc8 15. a4 Bc6 16. Nxc6 Rxc6 17. axb5 Rb8 18. Ra5 Qc7
19. Qa3 axb5 20. Rxb5 Rxb5 21. Bxb5 Rb6 22. Ba4 Rb8 23. b3 Rc8 24.
Bxd7 Nxd7 25. Qe7 Nb8 26. Qxc7 Rxc7 27. Ne5 Rc3 28. Rb1 f6 29. Nf3 Na6
30. Kf1 Nb4 31. Ke2 Kf7 32. Ne1 Ke7 33. Kd2 Rc7 34. Nd3 Nxd3 35. Kxd3
Ra7 36. Rc1 Kd7 37. Rc2 Ra1 38. Kc3 Rh1 39. h3 Rg1 40. g3 Kc6 41. Kb4+
Kb6 42. Rc8 Rg2 43. Re8 Kc6 44. Rxe6+ Kd7 45. Ra6 Rxf2 46. Ra7+ 1-0

[Event "Championnat de France des Jeunes - Cadet"]
[Site "LA ROCHE SUR YON"]
[Date "2008.04.21"]
[Round "3.2"]
[White "Nockels, Nicolas"]
[Black "Delorme, Axel"]
[Result "0-1"]
[WhiteElo "1968"]
[BlackElo "2377"]
[PlyCount "58"]

1. e4 c5 2. Nf3 d6 3. d4 cxd4 4. Nxd4 Nf6 5. Nc3 a6 6. g3 e5 7. Nde2 Be7 8. Bg2
O-O 9. h3 b5 10. g4 b4 11. Nd5 Nxd5 12. exd5 f5 13. gxf5 Bxf5 14. Ng3 Bg6 15.
O-O Qc8 16. Qe1 Qxc2 17. Qxb4 Bd3 18. Be4 Nd7 19. Bxd3 Qxd3 20. Qg4 Nf6 21. Rd1
Nxg4 22. Rxd3 Nxf2 23. Rc3 Nxh3+ 24. Kg2 Nf4+ 25. Bxf4 exf4 26. Ne4 Rac8 27.
Rac1 Rxc3 28. Rxc3 g5 29. Rc6 g4 0-1

[Event "Championnat de France des Jeunes - Cadet"]
[Site "LA ROCHE SUR YON"]
[Date "2008.04.21"]
[Round "3.3"]
[White "Barre, Yann"]
[Black "Blum, Nicolas"]
[Result "1/2-1/2"]
[WhiteElo "1957"]
[BlackElo "2180"]
[PlyCount "36"]

1. d4 Nf6 2. c4 e6 3. Nc3 Bb4 4. Qc2 c5 5. dxc5 O-O 6. Nf3 Na6 7. g3 Nxc5 8.
Bg2 Nce4 9. Bd2 Nxd2 10. Nxd2 Qa5 11. Nce4 Nxe4 12. Bxe4 d5 13. Bxh7+ Kh8 14.
Rd1 Bd7 15. Bd3 dxc4 16. Qxc4 Kg8 17. Qh4 f5 18. Qf4 Qd5 1/2-1/2

[Event "Championnat de France des Jeunes - Cadet"]
[Site "LA ROCHE SUR YON"]
[Date "2008.04.21"]
[Round "3.4"]
[White "Lepigoche, Cyril"]
[Black "Stephan, Victor"]
[Result "0-1"]
[WhiteElo "1879"]
[BlackElo "2094"]
[PlyCount "48"]

1. c4 Nf6 2. g3 g6 3. Bg2 Bg7 4. Nc3 O-O 5. e3 d6 6. Nge2 Nc6 7. Rb1 a5 8. a3
e5 9. O-O Be6 10. Nd5 Qd7 11. Re1 Bxd5 12. cxd5 Ne7 13. Qb3 a4 14. Qa2 c6 15.
dxc6 bxc6 16. d4 e4 17. Bd2 h5 18. Qc4 d5 19. Qc2 Ra6 20. Bb4 Nh7 21. Nc3 Rfa8
22. Bf1 Ng5 23. Bxa6 Qh3 24. Be2 Nf3+ 0-1

[Event "Championnat de France des Jeunes - Cadet"]
[Site "LA ROCHE SUR YON"]
[Date "2008.04.21"]
[Round "3.5"]
[White "Favarel, Antoine"]
[Black "Auvray, Simon"]
[Result "1-0"]
[WhiteElo "2065"]
[BlackElo "1955"]
[PlyCount "41"]

1. e4 c5 2. Nf3 e6 3. d3 Nc6 4. Nbd2 g6 5. g3 Bg7 6. Bg2 Nge7 7. O-O d6 8. Nh4
O-O 9. f4 Rb8 10. a4 a6 11. c3 b5 12. axb5 axb5 13. f5 Qb6 14. f6 Bxf6 15. Rxf6
Ne5 16. Nf1 b4 17. c4 Bb7 18. Rf2 Ra8 19. Rxa8 Rxa8 20. Bg5 N7c6 21. Bf6 1-0

[Event "Championnat de France des Jeunes - Cadettes"]
[Site "LA ROCHE SUR YON"]
[Date ""]
[Round "3.1"]
[White "Hedouin, Priscillia"]
[Black "Forestier, Carole"]
[Result "0-1"]
[WhiteElo "1470"]
[BlackElo "2037"]
[Annotator ""]

1. e4 e6 2. d4 d5 3. Nd2 Nf6 4. e5 Nfd7 5. Bd3 c5 6. c3 Nc6 7. Ndf3
cxd4 8. cxd4 f6 9. exf6 Nxf6 10. Nh3 Bd6 11. O-O Qc7 12. Re1 O-O 13.
Nhg5 e5 14. Bxh7+ Nxh7 15. dxe5 Nxe5 16. Qxd5+ Nf7 17. Nxf7 Rxf7 18.
Re8+ Bf8 19. Bg5 Qd7 20. Qe4 Qf5 21. Re1 Nxg5 22. Nxg5 Qxf2+ 0-1

[Event "Championnat de France des Jeunes - Cadet"]
[Site "LA ROCHE SUR YON"]
[Date "2008.04.21"]
[Round "3.2"]
[White "Le Bail, Clara"]
[Black "Richard, Emma"]
[Result "0-1"]
[WhiteElo "2012"]
[BlackElo "1985"]
[PlyCount "80"]

1. d4 Nf6 2. Nf3 g6 3. c4 Bg7 4. Nc3 d6 5. e3 O-O 6. b3 Nc6 7. Bb2 e5 8. dxe5
dxe5 9. Be2 Qe7 10. O-O Rd8 11. Qc1 e4 12. Nd2 Bf5 13. Nb5 a6 14. Nd4 Nxd4 15.
exd4 e3 16. fxe3 Qxe3+ 17. Rf2 c5 18. d5 Ne4 19. Nxe4 Qxc1+ 20. Rxc1 Bxb2 21.
Rxf5 gxf5 22. Rc2 fxe4 23. Rxb2 f5 24. g3 Kf7 25. Kf2 Kf6 26. Ke3 Ke5 27. Bf1
h5 28. Rf2 h4 29. Bh3 Rf8 30. Rf4 hxg3 31. hxg3 Rf6 32. g4 Rh8 33. Bf1 Rh4 34.
Rxf5+ Rxf5 35. gxf5 Kxf5 36. Bg2 Ke5 37. d6 Kxd6 38. Bxe4 b6 39. Bb7 a5 40. a4
Rh3+ 0-1

[Event "Championnat de France des Jeunes - Cadet"]
[Site "LA ROCHE SUR YON"]
[Date "2008.04.21"]
[Round "3.3"]
[White "Brih, Touatia"]
[Black "Genzling, Sylvie"]
[Result "1-0"]
[WhiteElo "1956"]
[BlackElo "1955"]
[PlyCount "139"]

1. d4 d5 2. Nf3 Nf6 3. c4 e6 4. Nc3 Be7 5. Bg5 O-O 6. e3 b6 7. cxd5 exd5 8. Bd3
Bb7 9. Qc2 Nbd7 10. O-O Rc8 11. Nb5 a6 12. Na7 Ra8 13. Nc6 Bxc6 14. Qxc6 Bd6
15. Rfe1 Re8 16. Bf5 Nf8 17. Bh3 h6 18. Bxf6 Qxf6 19. Qxd5 Rad8 20. Qc4 a5 21.
e4 Qg6 22. e5 Bb4 23. Red1 c6 24. a3 b5 25. Qd3 Be7 26. Rac1 Qxd3 27. Rxd3 c5
28. d5 c4 29. Rdd1 Bg5 30. Rc2 Ng6 31. a4 bxa4 32. Rxc4 Nxe5 33. Nxe5 Rxe5 34.
f4 Rexd5 35. Rxd5 Rxd5 36. fxg5 Rd1+ 37. Kf2 Rd2+ 38. Kf3 Rxb2 39. Rxa4 Rb5 40.
gxh6 gxh6 41. Ke3 Kg7 42. Kd4 Kg6 43. Rc4 Rb3 44. Rc6+ f6 45. Ra6 Ra3 46. Kc4
Ra1 47. Bd7 Ra2 48. Bc6 h5 49. Kb5 h4 50. h3 Rb2+ 51. Kxa5 Kg5 52. Ra8 f5 53.
Rd8 Kf4 54. Rd4+ Kg3 55. Rb4 Rc2 56. Kb5 f4 57. Rc4 Rxg2 58. Rc3+ Kh2 59. Bxg2
Kxg2 60. Rc4 Kg3 61. Kc5 f3 62. Kd4 f2 63. Rc1 Kxh3 64. Ke3 Kg2 65. Rc2 h3 66.
Rxf2+ Kg3 67. Rf8 Kg2 68. Rg8+ Kh1 69. Kf3 h2 70. Ra8 1-0

[Event "Championnat de France des Jeunes - Cadet"]
[Site "LA ROCHE SUR YON"]
[Date "2008.04.21"]
[Round "3.4"]
[White "Vinckier, Delphine"]
[Black "Burel, Gwenaelle"]
[Result "1-0"]
[WhiteElo "1818"]
[BlackElo "1663"]
[PlyCount "93"]

1. e4 c5 2. Nf3 d6 3. Bb5+ Nc6 4. O-O a6 5. Bxc6+ bxc6 6. c3 Bg4 7. d4 cxd4 8.
cxd4 d5 9. Qc2 Bd7 10. Ne5 Rc8 11. Qa4 dxe4 12. Qxa6 c5 13. dxc5 Rxc5 14. Nxd7
Qxd7 15. Qa8+ Qc8 16. Qxc8+ Rxc8 17. Nc3 f5 18. Be3 Nf6 19. a4 e6 20. Nb5 Nd5
21. Bd4 Nb4 22. Rac1 Rd8 23. Rc7 Rg8 24. Rb7 Nd3 25. a5 e5 26. Bc3 f4 27. h3 e3
28. fxe3 fxe3 29. Nc7+ Kd7 30. Rf7+ Kc6 31. Rb6+ Kc5 32. Ne6+ Kd5 33. Nxd8 e2
34. Rd7+ Ke4 35. Ne6 e1=Q+ 36. Bxe1 Nxe1 37. Rbb7 Nd3 38. Rdc7 Bb4 39. Nxg7
Bxa5 40. Rc4+ Ke3 41. Nf5+ Kd2 42. Rd7 Re8 43. Ng3 Re6 44. Nf1+ Ke2 45. Re4+
Kd1 46. Rxd3+ Kc2 47. Rd5 1-0

[Event "Championnat de France des Jeunes - Cadet"]
[Site "LA ROCHE SUR YON"]
[Date "2008.04.21"]
[Round "3.5"]
[White "Cechetto, Lea"]
[Black "Armas, Lara-Maria"]
[Result "0-1"]
[WhiteElo "1752"]
[BlackElo "1891"]
[PlyCount "138"]

1. e4 c5 2. Nf3 d6 3. d4 cxd4 4. Nxd4 Nf6 5. Nc3 a6 6. Bd3 e5 7. Nde2 Be7 8.
O-O b5 9. a3 O-O 10. Ng3 Re8 11. Qe2 Be6 12. h3 Nbd7 13. Be3 Qc7 14. f4 Nc5 15.
f5 Nxd3 16. cxd3 Bb3 17. Rac1 Qb7 18. Nb1 b4 19. axb4 Rac8 20. Rc3 Qxb4 21.
Rfc1 Rxc3 22. Rxc3 Qb7 23. Nd2 Ba4 24. Nc4 d5 25. exd5 Nxd5 26. Qf3 Qb5 27. Rc1
Nxe3 28. Nxe3 Qxd3 29. Kh2 Bg5 30. Rc3 Qd7 31. Qg4 Bf4 32. Kh1 Bxe3 33. Rxe3
Qd1+ 34. Qxd1 Bxd1 35. Rd3 Ba4 36. Rd6 Bb5 37. Ne4 Kf8 38. Kg1 Rc8 39. Nc3 Bc4
40. Kf2 Rb8 41. Rd2 Ke7 42. Ke3 Rd8 43. Rf2 f6 44. Ke4 g6 45. g4 Rd4+ 46. Ke3
Rd3+ 47. Ke4 Rxh3 48. fxg6 hxg6 49. Nd5+ Bxd5+ 50. Kxd5 Rg3 51. Rh2 Rd3+ 52.
Ke4 Rd4+ 53. Kf3 f5 54. gxf5 gxf5 55. Rh7+ Kf6 56. Rh6+ Kg5 57. Rxa6 Rb4 58.
Ra5 Rb3+ 59. Ke2 Rxb2+ 60. Ke3 Rb3+ 61. Kf2 Kf4 62. Ra4+ e4 63. Ra2 Rf3+ 64.
Kg2 Rg3+ 65. Kh2 e3 66. Ra4+ Kf3 67. Ra3 Rg2+ 68. Kh1 Rb2 69. Ra1 f4 0-1

[Event "Championnat de France des Jeunes - Minimes"]
[Site "LA ROCHE SUR YON"]
[Date ""]
[Round "3.1"]
[White "Sochacki, Wojtek"]
[Black "Manoeuvre, Antoine"]
[Result "1-0"]
[WhiteElo "2245"]
[BlackElo "2052"]
[Annotator ""]

1. e4 e6 2. d4 d5 3. Nc3 Nf6 4. Bg5 Bb4 5. e5 h6 6. Be3 Ne4 7. Qg4 g6
8. a3 Bxc3+ 9. bxc3 Nxc3 10. Bd3 Nc6 11. Ne2 Nxe2 12. Qxe2 Ne7 13. Qd2
c5 14. dxc5 Qc7 15. O-O Bd7 16. Rab1 O-O-O 17. Rb2 Bc6 18. Bd4 Nf5 19.
c3 Qa5 20. Rb4 Rd7 21. Rfb1 Rc7 22. a4 a6 23. Qb2 Nxd4 24. cxd4 Kd7
25. Qc1 Ke8 26. h4 Kf8 27. Qf4 Kg8 28. Bc2 h5 29. Kh2 Rd7 30. g3 Qd8
31. Bd3 Qe7 32. a5 Kh7 33. Rb6 Rc8 34. Kg2 Qf8 35. g4 Qh6 36. Qf6 Kg8
37. gxh5 Qxh5 38. Qf4 Rdc7 39. Rg1 Kh7 40. Kh3 Rg8 41. f3 Qh6 42. Rg5
Rg7 43. Qf6 Rc8 44. Rb1 Kh8 45. Kg3 Kg8 46. Rh1 Qh8 47. Rh2 Rh7 48.
Qf4 Be8 49. Kg2 Rh5 50. Kf2 Qh6 51. Ke3 Rc7 52. Rxh5 Qxh5 53. Rg2 Kh7
54. Rg5 Qh6 55. h5 Qg7 56. Qg4 Qh6 57. f4 Kg7 58. Kf3 Re7 59. Qg2 Rc7
60. Kf2 Re7 61. Ke3 Rc7 62. Be2 Kf8 63. Bg4 Re7 64. Qg3 Bb5 65. Bf3
Be8 66. Qh4 Rc7 67. Rg3 Rd7 68. Rh3 gxh5 69. Bxh5 Re7 70. Rg3 Rd7 71.
Rh3 Re7 72. Kf3 Rd7 73. Qg4 Qg7 74. Qxg7+ Kxg7 75. Kg4 Rc7 76. Kg5 Bb5
77. Bd1 Kf8 78. Kf6 Kg8 79. Bc2 Be2 80. Rg3+ Kf8 81. Bh7 Ke8 82. Rg8+
Kd7 83. Rf8 Bh5 84. Bc2 Rc8 85. Ba4+ Kc7 86. Rxc8+ Kxc8 87. Be8 1-0